000
00291nam a2200109Ia 4500
008
220214s9999 xx 000 0 und d
245
0
_a
Cardamom Statistics
260
_b
Cardamom Board
_a
Cochin
500
_a
Ending Volume & Year: , 1982
500
_a
Starting Volume & Year: 1975
942
_c
BJ
999
_c
5980
_d
5980